Revista educación y pedagogía
| Formato: | Libro |
|---|---|
| Lenguaje: | español |
| Publicado: |
Medellín, Colombia :
Universidad de Antioquía,
1994
|
| Materias: |
MARC
| LEADER | 00000nam a2200000Ia 4500 | ||
|---|---|---|---|
| 008 | 180226b1994 cr ||||| |||| 00| | spa d | ||
| 999 | |c 1552 |d 1552 | ||
| 090 | |a 06.02.01 |b 380 | ||
| 245 | 1 | 0 | |a Revista educación y pedagogía |
| 260 | |a Medellín, Colombia : |b Universidad de Antioquía, |c 1994 | ||
| 300 | |a 384 páginas | ||
| 500 | |a Vol. 6, no. 12 y13 (1994-1995) ejemplar único | ||
| 650 | 1 | 4 | |a EDUCACIÓN |9 1 |
| 650 | 1 | 4 | |a PUBLICACIONES PERIÓDICAS |9 3 |
| 942 | |i 00631 |h 06.02.01 380 |2 z |c 01 | ||
